000 00637nam a2200205Ia 4500
005 20260629163255.0
008 260629s9999||||xx |||||||||||||| ||und||
020 _a9781960035004
_qpbk
082 _a332.178
_bLEE
100 _aLee, Hudson
245 0 _aCrypto for beginners : a simple non-technical guide on the blockchain revolution and crypto investing for creating multi-generational wealth
260 _a[S.l.]
_bHudson Lee
_c2022
300 _axvi, 187p.; 21cm.
653 _aBitcoin
653 _aBlockchain (Databases)
653 _aCryptocurrency
653 _aFinance, Personal
653 _aInvestments
942 _cBK
999 _c57331
_d57331